[Event "Figueira da Foz op 13th"]
[Site "Figueira da Foz"]
[Date "2019.11.03"]
[Round "9"]
[White "Marcal, Armando Paulo Gomes"]
[Black "Correia, Pedro Mourao Soares"]
[Result "0-1"]
[WhiteElo "1706"]
[BlackElo "1529"]
[PlyCount "90"]
[EventDate "2019.10.27"]
[EventType "swiss"]
[EventRounds "9"]
[EventCountry "POR"]
[SourceTitle "CBM 192 Extra"]
[Source "Chessbase"]
[SourceDate "2019.11.06"]
[SourceVersion "1"]
[SourceVersionDate "2019.11.06"]
[SourceQuality "1"]

1. e4 d5 2. exd5 Nf6 3. d4 Nxd5 4. a3 g6 5. c4 Nb6 6. Be3 Bg7 7. Nc3 c6 8. h3 Be6 9. Qb3 0-0 10. Nf3 Qc7 11. Be2 h6 12. Rc1 Qd8 13. Ne4 Na6 14. 0-0 f5 15. Nc5 Qc8 16. Nxa6 bxa6 17. d5 Bf7 18. Bd4 Rb8 19. Qd3 Bxd4 20. Nxd4 cxd5 21. cxd5 Qd7 22. Nc6 Rbc8 23. Ne5 Qxd5 24. Nxg6 Bxg6 25. Rxc8 Rxc8 26. Qg3 Kh7 27. Rd1 Qb7 28. Qe5 Qc7 29. Qe6 Rf8 30. h4 Rf6 31. Qb3 Bf7 32. Qf3 a5 33. h5 e5 34. Qe3 Qe7 35. g4 Nd5 36. Qc1 Nf4 37. Bf1 fxg4 38. Qc2+ Kg7 39. Qc8 Be6 40. Qb8 Bd5 41. Rxd5 Nxd5 42. Bc4 Qc7 43. Qb3 Nf4 44. Bf1 Qc5 45. Qb7+ Rf7 0-1

[Event "Figueira da Foz op 12th"]
[Site "Figueira da Foz"]
[Date "2018.11.02"]
[Round "7"]
[White "Goncalves, Lucas Jordao"]
[Black "Correia, Pedro Mourao Soares"]
[Result "1-0"]
[WhiteElo "1401"]
[BlackElo "1518"]
[PlyCount "63"]
[EventDate "2018.10.28"]
[EventType "swiss"]
[EventRounds "9"]
[EventCountry "POR"]
[SourceTitle "CBM 187 Extra"]
[Source "ChessBase"]
[SourceDate "2018.11.04"]
[SourceVersion "1"]
[SourceVersionDate "2018.11.04"]
[SourceQuality "1"]

1. e4 c6 2. d4 d5 3. exd5 cxd5 4. Bd3 Nf6 5. Nf3 Bg4 6. Bf4 Nbd7 7. h3 Bh5 8. Nbd2 e6 9. c3 Qb6 10. Qc2 Bd6 11. Bxd6 Qxd6 12. 0-0 0-0 13. Rac1 Rfe8 14. Rfe1 Qf4 15. g3 Qh6 16. Kg2 g5 17. Ne5 Qg7 18. Ndf3 g4 19. hxg4 Nxe5 20. Nxe5 Nxg4 21. Nxg4 Bxg4 22. Rh1 Qf6 23. Bxh7+ Kf8 24. Qd3 Rac8 25. f3 Bf5 26. Bxf5 exf5 27. Rce1 Re6 28. Rxe6 fxe6 29. Qe3 Rc6 30. Rh6 Qf7 31. Qg5 Ke8 32. Rh8+ 1-0

[Event "Figueira da Foz op 12th"]
[Site "Figueira da Foz"]
[Date "2018.10.30"]
[Round "3"]
[White "Dias, Jose Oliveira Gaspa"]
[Black "Correia, Pedro Mourao Soares"]
[Result "1-0"]
[WhiteElo "1605"]
[BlackElo "1518"]
[PlyCount "103"]
[EventDate "2018.10.28"]
[EventType "swiss"]
[EventRounds "9"]
[EventCountry "POR"]
[SourceTitle "CBM 187 Extra"]
[Source "ChessBase"]
[SourceDate "2018.11.04"]
[SourceVersion "1"]
[SourceVersionDate "2018.11.04"]
[SourceQuality "1"]

1. Nf3 Nf6 2. g3 c6 3. Bg2 d5 4. 0-0 Bf5 5. d3 Nbd7 6. Nbd2 e5 7. Qe1 Bd6 8. e4 Be6 9. Ng5 Bg4 10. exd5 cxd5 11. c4 h6 12. Ngf3 0-0 13. cxd5 Bb4 14. a3 Ba5 15. b4 Bb6 16. h3 Bf5 17. Ne4 Nxd5 18. Bb2 Qe7 19. Rc1 a5 20. b5 f6 21. Nfd2 Qe6 22. Kh2 Qe7 23. Qe2 Be6 24. Nc4 Bc5 25. a4 Bb4 26. Rc2 N7b6 27. Ra1 Rfd8 28. Nxb6 Nxb6 29. Qe3 Nd5 30. Qe2 Nb6 31. Nd2 Bxd2 32. Qxd2 Bb3 33. Ba3 Qd7 34. Rc3 Bxa4 35. Bc5 Qxb5 36. Bxb6 Qxb6 37. Rxa4 Rd7 38. Qa2+ Kh8 39. Be4 Qa7 40. Rac4 Rad8 41. Rc8 b5 42. Kg2 Rd6 43. R8c7 Qd4 44. Qf7 R6d7 45. Qg6 f5 46. Bxf5 Qd5+ 47. Kh2 Qg8 48. Rxd7 Rf8 49. Rcc7 Rf6 50. Qg4 h5 51. Qxh5+ Rh6 52. Qxh6+ 1-0

[Event "Figueira da Foz op 12th"]
[Site "Figueira da Foz"]
[Date "2018.10.29"]
[Round "2"]
[White "Correia, Pedro Mourao Soares"]
[Black "Piasetski, Leon David"]
[Result "0-1"]
[WhiteElo "1518"]
[BlackElo "2252"]
[PlyCount "92"]
[EventDate "2018.10.28"]
[EventType "swiss"]
[EventRounds "9"]
[EventCountry "POR"]
[SourceTitle "CBM 187 Extra"]
[Source "ChessBase"]
[SourceDate "2018.11.04"]
[SourceVersion "1"]
[SourceVersionDate "2018.11.04"]
[SourceQuality "1"]

1. e4 Nf6 2. Nc3 d5 3. exd5 Nxd5 4. Nxd5 Qxd5 5. Qf3 Qe5+ 6. Qe3 Qd6 7. Nf3 c5 8. Bb5+ Bd7 9. Bxd7+ Nxd7 10. 0-0 g6 11. c3 Bg7 12. d4 cxd4 13. Nxd4 0-0 14. Ne2 a6 15. Qh3 Nc5 16. Be3 Rad8 17. Bh6 Bxh6 18. Qxh6 Qd2 19. Qe3 Qxe3 20. fxe3 Rd2 21. Nf4 Rfd8 22. b3 e5 23. Nh3 Ne4 24. c4 Rb2 25. Rab1 Rdd2 26. Rxb2 Rxb2 27. Re1 Rxa2 28. Kf1 Nd2+ 29. Kf2 Nxc4+ 30. Kf3 Nd2+ 31. Kg3 a5 32. Ng5 h6 33. Nf3 Ne4+ 34. Kh4 g5+ 35. Nxg5 hxg5+ 36. Kh5 Kg7 37. Rg1 Rd2 38. h4 gxh4 39. Kxh4 f5 40. Kh3 Kf6 41. Rc1 Re2 42. Kh2 Rxe3 43. Rc8 Rc3 44. Rf8+ Kg5 45. Re8 Nf6 46. Rxe5 Ng4+ 0-1